000
00214 a2200097 4500
001
14850
100
_a
Troeller G
245
_a
The birth of Saudi Arabia
260
_a
London
_b
Frank Cass
_c
090
_c
11621
_d
11621
942
_a
NUST-CAE
_c
M
_c
1805
999
_c
249923
_d
249923